Music Quiz

Random Music or Cast Quiz

Rent Original Cast Quiz Stats

 Plays Quiz not verified by Sporcle

Challenge
Share
Tweet
Embed
Score 0/15 Timer 05:00
0 Plays Today
Character Cast Member % Correct
Maureen JohnsonIdina Menzel
94.1%
Roger DavisAdam Pascal
87.6%
Mark CohenAnthony Rapp
87.6%
Benjamin Coffin IIITaye Diggs
82.2%
Tom CollinsJesse L. Martin
60.9%
Angel Dumott SchunardWilson Jermaine Heredia
47.9%
Mimi MarquezDaphne Rubin-Vega
47.9%
Joanne JeffersonFredi Walker
33.1%
Character Cast Member % Correct
Swing (Seasons of Love female soloist)Gwen Stewart
18.9%
Swing (Paul)Rodney HIcks
10.7%
Alexi DarlingAiko Nakasone
10.1%
GordonTimothy Britten Parker
9.5%
Mrs. CohenKristen Lee Kelly
8.9%
Swing (Seasons of Love male soloist)Byron Utley
8.3%
SteveGilles Chiason
5.3%

You're not logged in!

Compare scores with friends on all Sporcle quizzes.
Join for Free
OR
Log In

You Might Also Like...

Show Comments

Extras

Top Quizzes Today


Score Distribution

Your Account Isn't Verified!

In order to create a playlist on Sporcle, you need to verify the email address you used during registration. Go to your Sporcle Settings to finish the process.

Report this User

Report this user for behavior that violates our Community Guidelines.

Details: